Most Populous Cities in North Macedonia - Statistics

General Stats
  • This quiz has been taken 1,643 times
    1,562 since last reset
  • The average score is 13 of 20
Answer Stats
Population City % Correct
512 k Skopje
100%
38 k Ohrid
89%
70 k Bitola
87%
56 k Tetovo
83%
73 k Kumanovo
81%
63 k Prilep
75%
42 k Veles
70%
17 k Struga
67%
37 k Strumica
67%
44 k Štip
66%
37 k Gostivar
64%
15 k Gevgelija
57%
27 k Kičevo
54%
16 k Debar
52%
29 k Kavadarci
50%
14 k Kriva Palanka
45%
28 k Kočani
44%
13 k Negotino
41%
13 k Sveti Nikole
33%
17 k Radoviš
32%
No matching quizzes found
Score Distribution
Percent of People with Each Score
Percentile by Number Answered
Your Score History
You have not taken this quiz since the last reset